| 000 | 00591nam a2200205 a 4500 | ||
|---|---|---|---|
| 005 | 20140310183138.0 | ||
| 008 | 020823s19uu xx 00 eng d | ||
| 020 | _a9710846949 | ||
| 050 |
_aJF 1351 _b.L577 1990 |
||
| 100 | _aLeveriza, Jose P. | ||
| 245 |
_aPublic administration : _bthe business of government / _cJose P. Leveriza. |
||
| 260 |
_aManila : _bNational Book Store, _c1990. |
||
| 300 |
_axiii, 354 p. : _bill. ; _c22 cm. |
||
| 521 | _aBSBA | ||
| 650 |
_aPublic administration _xPhilippines |
||
| 942 |
_cBK _2lcc _kLOC |
||
| 999 |
_c19341 _d19341 |
||